000 00645nam a2200193 a 4500
001 000025833
005 20200930024102.0
008 110223s2004 dr a 000 0 spa d
020 _a9993476943
040 _aDO-SdBNP
_bspa
_cBNPHU
082 _axxx
_bG643l
100 1 _aGonzález Montás, Gladys M.
_952664
245 1 3 _aLa luna sobre Arroyo Buey /
_cGladys M. González Montás ; prólogo Melania Sepúlveda.
260 _aSanto Domingo :
_bAlfa y Omega,
_c2004.
300 _a29 p. :
_bil. ;
_c22 cm.
500 _aIncluye datos biográficos del autor en la contraportada
700 1 _aSepúlveda, Melania,
_epról.
_952665
049 _aBNPD
999 _c25325
_d25325